Linear algebra : an introductory approach
Αποθηκεύτηκε σε:
| Κύριος συγγραφέας: | |
|---|---|
| Μορφή: | Βιβλίο |
| Γλώσσα: | English |
| Δημοσίευση: |
New York :
Springer-Verlag,
c1984
|
| Σειρά: | Undergraduate texts in mathematics
|
| Θέματα: | |
| Ετικέτες: |
Προσθήκη ετικέτας
Δεν υπάρχουν, Καταχωρήστε ετικέτα πρώτοι!
|
MARC
| LEADER | 00000cam a2200000 i 4500 | ||
|---|---|---|---|
| 001 | 1/31319 | ||
| 008 | 941103s1984 eng d | ||
| 020 | |a 0387909923 | ||
| 035 | |l 10038796 | ||
| 035 | |a 1993 | ||
| 040 | |a GR-MY-UA |b gre |e aacr | ||
| 041 | 0 | |a eng | |
| 082 | 0 | |a 512.55 | |
| 100 | 1 | |a Curtis, Charles W. | |
| 245 | 1 | 0 | |a Linear algebra : |b an introductory approach / |c Charles W. Curtis |
| 260 | |a New York : |b Springer-Verlag, |c c1984 | ||
| 300 | |a x, 337 σ.; |b εικ.; |c 25 εκ. | ||
| 490 | 1 | |a Undergraduate texts in mathematics | |
| 504 | |a Περιλαμβάνει ευρετήριο | ||
| 650 | 0 | 0 | |a Algebras, Linear. |
| 830 | 0 | |a Undergraduate texts in mathematics | |
| 852 | |a INST |b CHIOS |e 20050303 |h 512.55 CUR |p 005200022476 |q 005200022476 |t BK |y 0 | ||
| 852 | |a INST |b SAMOS |e 19941103 |h 512.55 CUR |p 005300003596 |q 005300003596 |t BK |y 0 | ||
| 901 | |a BIBL2-2005-1 | ||
| 909 | |a Χ |b 112461 | ||
| 909 | |a Σ |b 029523 | ||
| 920 | |a ΔΙΕΥΡΥΝΣΗ |b ΕΠΕΑΕΚ-ΤΜΟΔ |y ΧΙΟΣ |z 2004-12 | ||